000
00244nam a22001097a 4500
082
_a
621.31924 BRE'H
100
_a
BREDAHL, A. C
_9
57046
245
_a
HOME WIRING MANUAL
260
_a
NEWYORK
_b
MCGRAW HILL
_c
1957
300
_a
221P
942
_c
BK
999
_c
567355
_d
567355